Hivatás és hobbi
Elmentve itt :
| Szerző: | |
|---|---|
| Dokumentumtípus: | Cikk |
| Megjelent: |
1974-08-16
|
| Sorozat: | Délmagyarország
64 No. 191 |
| Kulcsszavak: | Szabadtéri Játékok |
| Online Access: | http://dmarchiv.bibl.u-szeged.hu/122889 |
| LEADER | 00448nab a2200157 i 4500 | ||
|---|---|---|---|
| 001 | delm122889 | ||
| 005 | 20190412095618.0 | ||
| 008 | 190412s1974 hu o 0|| hun d | ||
| 040 | |a SZTE Délmagyarország Archívum |b hun | ||
| 041 | |a hun | ||
| 100 | 1 | |a Ladányi Zsuzsa | |
| 245 | 1 | 0 | |a Hivatás és hobbi |h [elektronikus dokumentum] / |c Ladányi Zsuzsa |
| 260 | |c 1974-08-16 | ||
| 300 | |a 5 | ||
| 490 | 0 | |a Délmagyarország |v 64 No. 191 | |
| 695 | |a Szabadtéri Játékok | ||